000 00823nam a2200217Ia 4500
005 20241129110926.0
008 241129s9999||||xx |||||||||||||| ||und||
020 _a978-93-85600-08-1
037 _aTB
040 _aCRL
_bhin
_cCRL
041 _ahin
_2hin
084 _aP152:g Q6
_qCRL
100 _aनामदेव, संपा.
245 0 _aहिन्दी भाषा और साहित्य: मध्यकाल और आधुनिक कविता
_cनामदेव, संपा.
260 _aदिल्ली, भारत
_bअक्षर पब्लिशर्स एण्ड डिस्ट्रीब्यूटर्स
_c2017
300 _a101पृ0
365 _aINR
_b60
650 _aHindi Language
942 _cTB
_hP152:g Q6
999 _c1228130
_d1228130